Словарь иностранных слов (Запис номер 408068)
[ съкратено ]
| 000 -Лидер | |
|---|---|
| Контролно поле с фиксирана дължина | nam a22 a 4500 |
| 003 - Код на организацията, давaща контролен номер | |
| Контролно поле | BLK |
| 005 - Дата и час на последна редакция | |
| Контролно поле | 20210414075204.0 |
| 008 - Елементи от данни с фиксирана дължина | |
| fixed length control field | 180911b bul|||||r ||||||| ||bul|| |
| 040 ## - Източник на каталожния запис | |
| Идентификатор на билиотеката - собственик на записа | BLK |
| 041 ## - Код за език | |
| Код за езика на текст/звукозапис или на отделно заглавие | Руски |
| Код за езика КДБФ | Руски |
| 080 ## - УДК | |
| Текстов определител УДК | Култура на речта. Ораторско изкуство. Красноречие |
| УДК код - определител по УДК | 808.5 |
| УДК определител | -316.3(038.1) |
| УДК - код + определител | 808.5-316.3(038.1) |
| 100 ## - Редна дума - Автор | |
| Автор | Гейзе, Рейф |
| Авторска отговорност | първи автор |
| R(LIN) | 448203 |
| 139 ## - Редно поле | |
| Редна дума | Гейзе, Рейф |
| 245 10 - Сведения за заглавието | |
| Заглавие | Словарь иностранных слов |
| Редно поле (дума) | сост. Гейзе, Рейфа |
| 246 ## - Различни форми на заглавието | |
| Подзаглавни данни | Обяснительный словарь иностранных слов |
| 250 ## - Област на изданието | |
| Сведения за изданието | 11 изд. |
| 260 ## - Област на издателските данни | |
| Място на издаване, разпространение и проч. | Москва |
| Име на издателя, разпространителя и проч. | Русская типо-литографии |
| Година на издаване | 1891 |
| 9 (RLIN) | 448204 |
| 300 ## - Физическа характеристика | |
| Страници | 752 с |
| Размери/Мащаб | 25 см |
| 380 ## - Жанр | |
| Жанр | Езикознание. Филология |
| 490 ## - СЕРИИ (Колекции) | |
| Име на серия | Колекция Редки и ценни издания |
| 9 (RLIN) | 435080 |
| 650 #7 - Допълнително описание по предмет – тема | |
| Основно описание – тема или топоним | Речници |
| 9 (RLIN) | 169403 |
| 653 #0 - Ключова дума – ненормативна | |
| 9 (RLIN) | 448205 |
| Ключова дума | речници на чуждите думи |
| 655 ## - Ключова дума – жанр/разновидност | |
| Данни за жанр/разновидност или ключова дума за фокус | Езикознание |
| 852 ## - Местоположение | |
| Форматна сигнатура | Рр 891 |
| Фондова буква | Редки и ценни |
| 999 ## - СИСТЕМНИ КОНТРОЛНИ НОМЕРА | |
| Koha biblionumber | 408068 |
| Koha biblioitemnumber | 408068 |
| 942 ## - АРТИКУЛИ | |
| Вид на библиотечния материал | Книги |
| Скрит в OPAC | Не |
| Периодичен библиозапис | Да |
| 944 ## - СЪЗДАВАНЕ И РЕДАКЦИЯ на ЗАПИСА | |
| Създаване/Редакция | Създаване |
| Дата на регистрацията/редакция | 2021-04-14 |
| Служител, извършил регистрацията/редакцията | К.Д. |
| Код за отписване | Код за изгубен артикул | Източник на класификационната схема | Код за повреда | Коз за рестрикции | Код за отдаване | Артикулен № | Име на библиотеката - собственик | Име на библиотеката, в която се намира в момента | Статус (Текущо местоположение) | Дата на вписване в системата | Местоположение - отдел | Цена в лева | Инвентарен номер | Систематично азбучна сигнатура | Баркод | Цена в евро | Служебен тип на артикула |
|---|---|---|---|---|---|---|---|---|---|---|---|---|---|---|---|---|---|
| Не е изгубен | Universal Decimal Classification | Не е повреден | само за читалня | Специални фондове ( старопечатни, редки и ценни, фонд М. Арнаудов) | 855701 | Регионална библиотека "Любен Каравелов" Русе | Регионална библиотека "Любен Каравелов" Русе | Редки и ценни | 2021-09-27 | Редки и ценни | 0.60 | 16486 | Рр 891 | 900000052504 | 0.31 | Книги |